Capital industrial, desarrollo asociado y distribución del ingreso entre los dos gobiernos peronistas: 1950-1972 (Registro nro. 16210)

Detalles MARC
000 -LEADER
fixed length control field 00439 a2200121 4500
001 - CONTROL NUMBER
control field ART_3174
005 - DATE AND TIME OF LATEST TRANSACTION
control field 20260410161712.0
008 - FIXED-LENGTH DATA ELEMENTS--GENERAL INFORMATION
fixed length control field 260409a
100 1# - MAIN ENTRY--PERSONAL NAME
Personal name Gerchunoff, Pablo
245 10 - TITLE STATEMENT
Title Capital industrial, desarrollo asociado y distribución del ingreso entre los dos gobiernos peronistas: 1950-1972
700 1# - ADDED ENTRY--PERSONAL NAME
Personal name Llach, Juan José
773 0# - HOST ITEM ENTRY
Title Desarrollo económico
Related parts - Vol. 15, Nº 57 (abr./jun. 1975)
Record control number REV1174

No hay ítems disponibles.